[Event "Moratalaz op 22nd"]
[Site "Madrid"]
[Date "2009.09.18"]
[Round "3"]
[White "Martinez Martin, David"]
[Black "Garcia Salamero, Gabriel"]
[Result "1-0"]
[WhiteElo "2399"]
[BlackElo "2084"]
[PlyCount "89"]
[EventDate "2009.09.16"]
[EventType "swiss"]
[EventRounds "9"]
[EventCountry "ESP"]
[SourceTitle "CBM 132 Extra"]
[Source "ChessBase"]
[SourceDate "2009.11.03"]
[SourceVersion "1"]
[SourceVersionDate "2009.11.03"]
[SourceQuality "1"]

1. d4 Nf6 2. c4 e6 3. Nf3 d5 4. e3 Be7 5. b3 Nbd7 6. Bb2 0-0 7. Bd3 b6 8. 0-0 Bb7 9. Qe2 Ne4 10. Nfd2 c5 11. cxd5 exd5 12. Rd1 Nxd2 13. Nxd2 cxd4 14. Bxd4 Bf6 15. Nf3 Qe7 16. Rac1 Rac8 17. Bf5 Bxd4 18. Nxd4 g6 19. Bh3 Rc5 20. g3 Rfc8 21. Rb1 R8c7 22. Qb2 Nf6 23. b4 Rc3 24. Nb5 Rc2 25. Qa3 Ne4 26. Rf1 Ng5 27. Bg2 d4 28. e4 Bxe4 29. Rbe1 d3 30. Nxc7 Re2 31. Rxe2 dxe2 32. Re1 Bxg2 33. Kxg2 Qxc7 34. Rxe2 Ne6 35. Qd3 Qe7 36. Qe4 a5 37. bxa5 bxa5 38. Qa8+ Kg7 39. Qxa5 Qb7+ 40. f3 Qe7 41. Qe5+ Kg8 42. Rb2 f6 43. Qd5 Kg7 44. Rb7 Nc7 45. Qc4 1-0

[Event "Collado Villalba op-A 26th"]
[Site "Collado Villalba"]
[Date "2009.08.28"]
[Round "8"]
[White "Garcia Salamero, Gabriel"]
[Black "Semprun Martinez, Fernando M"]
[Result "1/2-1/2"]
[WhiteElo "2034"]
[BlackElo "2179"]
[PlyCount "56"]
[EventDate "2009.08.21"]
[EventType "swiss"]
[EventRounds "9"]
[EventCountry "ESP"]
[SourceTitle "CBM 132 Extra"]
[Source "ChessBase"]
[SourceDate "2009.11.03"]
[SourceVersion "1"]
[SourceVersionDate "2009.11.03"]
[SourceQuality "1"]

1. e4 c5 2. Nf3 Nc6 3. d4 cxd4 4. Nxd4 g6 5. Nc3 Bg7 6. Nde2 Nf6 7. g3 0-0 8. Bg2 a6 9. 0-0 Rb8 10. h3 b5 11. a3 Ne5 12. b3 d6 13. Be3 Bb7 14. Ra2 Ned7 15. Nd5 Nc5 16. Bxc5 dxc5 17. c4 e6 18. Nxf6+ Qxf6 19. Rd2 Rfd8 20. cxb5 axb5 21. Rd6 Qe7 22. Rxd8+ Rxd8 23. Qc1 Rd3 24. Qc2 Qd7 25. Qxc5 Rxb3 26. Qa7 Rd3 27. Nc1 Rd1 28. Nb3 Bf8 1/2-1/2

[Event "Collado Villalba op-A 26th"]
[Site "Collado Villalba"]
[Date "2009.08.27"]
[Round "7"]
[White "Garcia Salamero, Gabriel"]
[Black "Martinez Rodriguez, Pablo"]
[Result "0-1"]
[WhiteElo "2034"]
[BlackElo "2213"]
[PlyCount "116"]
[EventDate "2009.08.21"]
[EventType "swiss"]
[EventRounds "9"]
[EventCountry "ESP"]
[SourceTitle "CBM 132 Extra"]
[Source "ChessBase"]
[SourceDate "2009.11.03"]
[SourceVersion "1"]
[SourceVersionDate "2009.11.03"]
[SourceQuality "1"]

1. e4 c6 2. d4 d5 3. Nc3 dxe4 4. Nxe4 Bf5 5. Ng3 Bg6 6. h4 h6 7. Nf3 Nd7 8. h5 Bh7 9. Bd3 Bxd3 10. Qxd3 e6 11. Bd2 Ngf6 12. 0-0-0 Qc7 13. Qe2 0-0-0 14. Ne5 Nb6 15. Ba5 c5 16. Qb5 Rd5 17. Bxb6 axb6 18. Nc4 Nd7 19. dxc5 Bxc5 20. Rxd5 exd5 21. Nd2 Qf4 22. Qd3 Qxf2 23. Rf1 Re8 24. b4 Re1+ 25. Kb2 Rxf1 26. Ndxf1 Bxb4 27. Qxd5 Qf6+ 28. Kb1 Qc3 29. Qb3 Qe1+ 30. Kb2 Nc5 31. Qe3 b5 32. Qxe1 Bxe1 33. Nf5 b4 34. Nd6+ Kd7 35. Nxf7 Ke7 36. Nh8 Kf6 37. Kc1 Kg5 38. Kd1 Bc3 39. Ke2 Kxh5 40. Kf3 Kg5 41. Nf7+ Kf6 42. Nd6 Ke5 43. Nb5 Ne6 44. Nxc3 bxc3 45. Ke3 Kd5 46. g3 Nc5 47. Kf4 Kd4 48. Ne3 Nd3+ 49. Kf3 Nb4 50. Ke2 g6 51. a3 Nd5 52. Ng2 Ke4 53. Kf2 b5 54. Ke2 Ne7 55. Ne3 Nf5 56. Nd1 Kd4 57. Kf3 Nd6 58. Ne3 Nc4 0-1

[Event "Collado Villalba op-A 26th"]
[Site "Collado Villalba"]
[Date "2009.08.24"]
[Round "4"]
[White "Ponce Lopez, Miguel"]
[Black "Garcia Salamero, Gabriel"]
[Result "0-1"]
[WhiteElo "2185"]
[BlackElo "2034"]
[PlyCount "150"]
[EventDate "2009.08.21"]
[EventType "swiss"]
[EventRounds "9"]
[EventCountry "ESP"]
[SourceTitle "CBM 132 Extra"]
[Source "ChessBase"]
[SourceDate "2009.11.03"]
[SourceVersion "1"]
[SourceVersionDate "2009.11.03"]
[SourceQuality "1"]

1. e4 e5 2. Nf3 Nf6 3. Nxe5 d6 4. Nf3 Nxe4 5. d3 Nf6 6. d4 d5 7. Bd3 Bd6 8. 0-0 0-0 9. Bg5 h6 10. Bh4 Be7 11. Re1 Be6 12. Nbd2 Nbd7 13. c3 Re8 14. Rc1 c6 15. Bb1 Nh7 16. Qc2 Nhf8 17. Bg3 Bf6 18. Ne5 g6 19. Qb3 Qb6 20. f4 Nxe5 21. fxe5 Bg5 22. Qxb6 axb6 23. Rcd1 Bxd2 24. Rxd2 Kg7 25. Rf1 b5 26. a3 Nd7 27. Bf4 Nb6 28. Rdf2 Nc4 29. Bc1 Rf8 30. Rf6 Rfe8 31. g4 Re7 32. h3 Nb6 33. Kg2 Nd7 34. R6f2 Nb6 35. Kg3 Nd7 36. h4 c5 37. Be3 c4 38. Bf4 Ra6 39. Bc2 Nf8 40. h5 g5 41. Bd2 Nd7 42. Bf5 Bxf5 43. gxf5 f6 44. e6 Nb6 45. Kg4 Nc8 46. Be3 Kf8 47. Rb1 Nd6 48. Re2 Ke8 49. Bg1 Kd8 50. Bh2 Kc7 51. Re3 Kc6 52. Bxd6 Kxd6 53. Kf3 Kc6 54. Ke2 b6 55. Rg1 Kd6 56. Kd2 Kc6 57. Kc2 Kd6 58. Ra1 Kc6 59. b3 Ra5 60. Ree1 Kd6 61. bxc4 dxc4 62. Rab1 Kc6 63. Red1 b4 64. d5+ Rxd5 65. Rxd5 b3+ 66. Kb2 Kxd5 67. Re1 b5 68. a4 bxa4 69. Ka3 g4 70. Kxa4 b2 71. Ka3 b1Q 72. Rxb1 Ra7+ 73. Kb2 Rb7+ 74. Kc2 Rxb1 75. Kxb1 Kd6 0-1

[Event "ESP-ch U18"]
[Site "Granada"]
[Date "2009.07.24"]
[Round "7"]
[White "Garcia Salamero, Gabriel"]
[Black "Zamarbide Inarrea, Daniel"]
[Result "0-1"]
[WhiteElo "2034"]
[BlackElo "2176"]
[PlyCount "98"]
[EventDate "2009.07.20"]
[EventType "swiss"]
[EventRounds "9"]
[EventCountry "ESP"]
[SourceTitle "CBM 131 Extra"]
[Source "ChessBase"]
[SourceDate "2009.09.03"]
[SourceVersion "2"]
[SourceVersionDate "2009.09.16"]
[SourceQuality "1"]

1. e4 c5 2. Nf3 d6 3. d4 cxd4 4. Nxd4 Nf6 5. Nc3 Nc6 6. Nde2 g6 7. g3 Bg7 8. Bg2 0-0 9. 0-0 Bd7 10. h3 Na5 11. Kh2 Qc7 12. b3 Rac8 13. Bd2 b5 14. a3 a6 15. f4 Nc6 16. Bc1 Nd8 17. Bb2 Ne6 18. Rc1 a5 19. e5 dxe5 20. fxe5 Qxe5 21. Rxf6 exf6 22. Qxd7 Rfd8 23. Qxb5 Qxb5 24. Nxb5 Rd2 25. Nec3 f5 26. Ba1 Bh6 27. Rd1 Rxd1 28. Nxd1 Rxc2 29. Be5 Rc5 30. Bc3 Rxb5 31. b4 axb4 32. axb4 Rb6 33. Nb2 Bg7 34. Nc4 Rb8 35. Bd2 Nd4 36. Nd6 Rd8 37. Nc4 Bf8 38. Bc3 Ne2 39. Bf6 Rc8 40. Ne5 Bg7 41. Bxg7 Kxg7 42. Nc6 Nc3 43. Kg1 Kf6 44. g4 fxg4 45. hxg4 Kg5 46. Kh2 Kf4 47. Kg1 Kxg4 48. Ne5+ Kf4 49. Nxf7 Rb8 0-1